The seaman's manual : Containing all the technical words and phrases used at sea and belonging to a ship; including all those introduced in later years, and not to be met with in any work of the kind; alphabetically arranged. Together with instructions to young men, entering on a seafaring life; with the duty of a midshipman; By Robert Wilson, a lieutenant in His Majesty's Navy, and teacher at the Marine-Academy at Chelsea. Necessary for every young sailor, who, without such help as this book affords, will be an age in learning all the terms, &c.

Bibliographic Details
Main Author: Wilson, Robert, Lieutenant
Corporate Author: Gale (Firm)
Format: eBook
Language:English
Published: London : Printed for the trusters, at the Literary-Press, No, 14, Red-Lion Street, Clerkenwell, and sold by all booksellers, [1790]
Subjects:
Online Access:Connect to the full text of this electronic book

MARC

Tag First Indicator Second Indicator Subfields
LEADER 00000cam a2200000 4500
001 in00003865813
005 20190415191134.0
006 m o d
007 cr |n||||||||n
008 961004s1790 enk|||| o 00| ||eng c
035 |a (CU-RivES)T228446 
035 |a (Uk-ES)006322828 
035 |a (OCoLC)510752102 
040 |a Uk-ES  |c Uk-ES  |d Cengage Gale  |d UtOrBLW 
050 4 |a PK2099.36.R548  |b W557 1790 
100 1 |a Wilson, Robert,  |c Lieutenant.  |0 http://id.loc.gov/authorities/names/nr97023456 
245 1 4 |a The seaman's manual :  |b Containing all the technical words and phrases used at sea and belonging to a ship; including all those introduced in later years, and not to be met with in any work of the kind; alphabetically arranged. Together with instructions to young men, entering on a seafaring life; with the duty of a midshipman; By Robert Wilson, a lieutenant in His Majesty's Navy, and teacher at the Marine-Academy at Chelsea. Necessary for every young sailor, who, without such help as this book affords, will be an age in learning all the terms, &c. 
264 1 |a London :  |b Printed for the trusters, at the Literary-Press, No, 14, Red-Lion Street, Clerkenwell, and sold by all booksellers,  |c [1790] 
300 |a 1 online resource (xi, 1 unnumbered page, 108 pages)  
336 |a text  |b txt  |2 rdacontent 
337 |a computer  |b c  |2 rdamedia 
338 |a online resource  |b cr  |2 rdacarrier 
509 |a Advertised in the St. James's Chronicle of 20 June/1 July 1790. 
510 4 |a English Short Title Catalog,  |c T228446. 
500 |a Reproduction of original from British Library. 
500 |a Electronic resource. 
650 0 |a Seamanship  |v Handbooks, manuals, etc.  |v Early works to 1800. 
655 7 |a Electronic books.  |2 local 
655 7 |a Manuals (Handbooks)  |2 rbgenr 
710 2 |a Gale (Firm)  |0 http://id.loc.gov/authorities/names/no2008071348 
752 |a Great Britain  |b England  |d London. 
856 4 0 |u http://proxy.library.tamu.edu/login?url=http://find.galegroup.com/ecco/infomark.do?contentSet=ECCOArticles&docType=ECCOArticles&bookId=1333000600&type=getFullCitation&tabID=T001&prodId=ECCO&docLevel=TEXT_GRAPHICS&version=1.0&source=library&userGroupName=txshracd2898  |z Connect to the full text of this electronic book  |t 0 
999 f f |s 83e1d6de-4757-3048-9e9f-853c4dd74223  |i 3643a14e-a4b9-331e-bdca-9d9b804e2473  |t 0 
952 f f |a Texas A&M University  |b College Station  |c Electronic Resources  |d Available Online  |t 0  |e PK2099.36.R548 W557 1790  |h Library of Congress classification 
998 f f |a PK2099.36.R548 W557 1790  |t 0  |l Available Online